[Event "Chinese League Div-A Final-KO 2023"]
[Site "Xiongan"]
[Date "2023.12.07"]
[Round "6.9"]
[White "Song, Yuxin"]
[Black "Xiao, Yiyi"]
[Result "1/2-1/2"]
[WhiteElo "2397"]
[BlackElo "2343"]
[Annotator "RC"]
[PlyCount "60"]
[EventDate "2023.12.02"]
[EventCountry "CHN"]
[SourceTitle "playchess.com"]
[Source "ChessBase"]
[SourceQuality "1"]

1. e4 {[%emt 0:00:02]} c6 {[%emt 0:00:24]} 2. Nc3 {[%emt 0:00:07]} d5 {[%emt 0:00:09]} 3. Nf3 {[%emt 0:00:04]} dxe4 {[%emt 0:01:59]} 4. Nxe4 {[%emt 0:00:05]} Nf6 {[%emt 0:00:18]} 5. Qe2 {[%emt 0:00:07]} Nxe4 {[%emt 0:00:30]} 6. Qxe4 {[%emt 0:00:06]} Qd5 {[%emt 0:00:24]} 7. Qh4 {[%emt 0:00:07]} Qe6+ {[%emt 0:03:59]} 8. Be2 {[%emt 0:00:07]} Qg4 {[%emt 0:00:29]} 9. Qg3 {[%emt 0:00:06]} Qxg3 {[%emt 0:01:27]} 10. hxg3 {[%emt 0:00:05]} g6 {[%emt 0:00:48]} 11. Ng5 {[%emt 0:00:05]} h6 {[%emt 0:05:45]} 12. Bc4 {[%emt 0:00:09]} e6 {[%emt 0:00:12]} 13. Ne4 {[%emt 0:02:03]} Bg7 {[%emt 0:07:51]} 14. c3 {[%emt 0:00:10]} b6 {[%emt 0:18:02]} 15. d4 {[%emt 0:01:28]} Ba6 {[%emt 0:00:25]} 16. Bxa6 {[%emt 0:12:05]} Nxa6 {[%emt 0:00:06]} 17. Bf4 {[%emt 0:00:10]} Ke7 {[%emt 0:05:36]} 18. Bd6+ {[%emt 0:01:56]} Kd7 {[%emt 0:02:16]} 19. Be5 {[%emt 0:03:02]} Bxe5 {[%emt 0:01:48]} 20. dxe5 {[%emt 0:00:08]} Rad8 {[%emt 0:00:38]} 21. O-O-O+ {[%emt 0:06:38]} Ke7 {[%emt 0:00:53]} 22. Rxd8 {[%emt 0:00:14]} Kxd8 {[%emt 0:03:46]} 23. g4 {[%emt 0:08:28]} Ke7 {[%emt 0:03:53]} 24. Rh4 {[%emt 0:13:01]} Nc7 {[%emt 0:09:48]} 25. c4 {[%emt 0:10:44]} Ne8 {[%emt 0:09:03]} 26. g5 {[%emt 0:00:32]} h5 {[%emt 0:05:07]} 27. g4 {[%emt 0:01:37]} Ng7 {[%emt 0:02:50]} 28. Ng3 {[%emt 0:04:42]} Rd8 {[%emt 0:01:57]} 29. gxh5 {[%emt 0:00:07]} Nxh5 {[%emt 0:00:07]} 30. Nxh5 {[%emt 0:06:35]} gxh5 {[%emt 0:02:40]} 1/2-1/2

[Event "Chinese League Div-A Final-KO 2023"]
[Site "Xiongan"]
[Date "2023.12.07"]
[Round "6.10"]
[White "Zhang, Xiaowen"]
[Black "Li, Xueyi"]
[Result "1/2-1/2"]
[WhiteElo "2261"]
[BlackElo "2245"]
[Annotator "RC"]
[PlyCount "52"]
[EventDate "2023.12.02"]
[EventCountry "CHN"]
[SourceTitle "playchess.com"]
[Source "ChessBase"]
[SourceQuality "1"]

1. e4 {[%emt 0:00:03]} c6 {[%emt 0:00:57]} 2. d4 {[%emt 0:01:16]} d5 {[%emt 0:00:08]} 3. exd5 {[%emt 0:01:23]} cxd5 {[%emt 0:00:07]} 4. c3 {[%emt 0:00:11]} Nc6 {[%emt 0:02:07]} 5. Bd3 {[%emt 0:00:07]} Nf6 {[%emt 0:03:50]} 6. Bf4 {[%emt 0:01:59]} Bg4 {[%emt 0:14:58]} 7. Qb3 {[%emt 0:01:08]} Qd7 {[%emt 0:00:34]} 8. Nd2 {[%emt 0:02:14]} e6 {[%emt 0:02:49]} 9. Ngf3 {[%emt 0:00:47]} Bd6 {[%emt 0:07:20]} 10. Bxd6 {[%emt 0:00:26]} Qxd6 {[%emt 0:00:06]} 11. O-O {[%emt 0:00:09]} O-O {[%emt 0:00:08]} 12. Qxb7 {[%emt 0:12:17]} Rab8 {[%emt 0:04:16]} 13. Qa6 {[%emt 0:02:12]} Rb6 {[%emt 0:05:28]} 14. Qa3 {[%emt 0:01:26]} Qxa3 {[%emt 0:00:06]} 15. bxa3 {[%emt 0:00:03]} Rc8 {[%emt 0:01:25]} 16. Rab1 {[%emt 0:06:45]} Ne7 {[%emt 0:08:01]} 17. Rfc1 {[%emt 0:06:27]} Rxb1 {[%emt 0:03:41]} 18. Bxb1 {[%emt 0:00:34]} Bxf3 {[%emt 0:00:31]} 19. Nxf3 {[%emt 0:00:11]} Nf5 {[%emt 0:01:24]} 20. Bxf5 {[%emt 0:09:15]} exf5 {[%emt 0:00:07]} 21. Kf1 {[%emt 0:04:08]} Ne4 {[%emt 0:00:12]} 22. Ke2 {[%emt 0:00:14]} Rxc3 {[%emt 0:00:13]} 23. Rxc3 {[%emt 0:00:10]} Nxc3+ {[%emt 0:00:06]} 24. Kd3 {[%emt 0:00:12]} Nd1 {[%emt 0:00:39]} 25. Ke2 {[%emt 0:00:51]} Nc3+ {[%emt 0:00:05]} 26. Kd3 {[%emt 0:00:22]} Nd1 {[%emt 0:00:06]} 1/2-1/2

[Event "Chinese League Div-A Final-KO 2023"]
[Site "Xiongan"]
[Date "2023.12.09"]
[Round "7.1"]
[White "Wen, Yang"]
[Black "Wang, Hao"]
[Result "1/2-1/2"]
[WhiteElo "2574"]
[BlackElo "2694"]
[Annotator "TA"]
[PlyCount "60"]
[EventDate "2023.12.02"]
[EventCountry "CHN"]
[SourceTitle "playchess.com"]
[Source "ChessBase"]
[SourceQuality "1"]

{[%evp 17,60,0,0,-5,0,0,2,6,20,11,18,-4,4,0,0,0,0,0,0,0,0,0,0,0,0,0,0,0,4,3,26,0,0,0,0,0,0,0,0,0,0,0,0,0,0]} 1. e4 {[%emt 0:00:07]} e5 {[%emt 0:00:09]} 2. Nf3 {[%emt 0:00:19]} Nc6 {[%emt 0:00:05]} 3. Nc3 {[%emt 0:00:21]} Nf6 {[%emt 0:00:12]} 4. d4 {[%emt 0:00:08]} exd4 {[%emt 0:00:22]} 5. Nxd4 {[%emt 0:00:06]} Bb4 {[%emt 0:00:06]} 6. Nxc6 {[%emt 0:00:06]} bxc6 {[%emt 0:00:05]} 7. Bd3 {[%emt 0:00:09]} d5 {[%emt 0:00:06]} 8. exd5 {[%emt 0:00:06]} O-O {[%emt 0:00:06]} 9. O-O {[%emt 0:00:06]} cxd5 {[%emt 0:03:12]} 10. h3 {[%emt 0:01:48] Repels Bg4. C47: Scotch Four Knights and Four Knights with 4 g3.} Be6 {[%emt 0:00:39]} 11. Qf3 {[%emt 0:03:11]} c5 {[%emt 0:00:09]} 12. Rd1 {[%emt 0:00:17]} Qe7 {[%emt 0:04:12]} 13. Bg5 {[%emt 0:17:52]} Rfd8 {[%emt 0:03:02] [#]} 14. Bf5 $146 {[%emt 0:23:39]} ({Predecessor:} 14. Bf1 h6 15. Bh4 Rac8 16. Bxf6 Qxf6 17. Qxf6 gxf6 18. Ne2 Ba5 19. Nf4 Rb8 20. Rab1 Bc7 21. Nxe6 fxe6 22. c4 d4 23. Bd3 {½-½ Aakio,S (2056)-Binham,T (2275) FIN-ch Seniors 65 2022 (3)}) 14... Bxc3 {[%emt 0:20:35]} 15. bxc3 {[%emt 0:03:11]} h6 {[%emt 0:00:22]} 16. Bh4 {[%emt 0:04:31]} Bxf5 {[%emt 0:03:22]} 17. Qxf5 {[%emt 0:00:05]} Qe6 {[%emt 0:00:07]} 18. Qd3 {[%emt 0:05:32]} Re8 {[%emt 0:12:32]} 19. Bxf6 {[%emt 0:01:15]} Qxf6 {[%emt 0:00:04]} 20. Qxd5 {[%emt 0:00:53]} Qxc3 {[%emt 0:00:08]} 21. Qd3 {[%emt 0:03:22]} Qxd3 {[%emt 0:01:27]} 22. Rxd3 $11 {[%emt 0:01:27][%mdl 4096] Endgame KRR-KRR} Re4 {[%emt 0:01:39]} 23. Rb1 {[%emt 0:01:16]} Rb4 {[%emt 0:00:28]} 24. Rxb4 {[%emt 0:00:54]} cxb4 {[%emt 0:00:04] KR-KR. The position is equal.} 25. c3 {[%emt 0:00:21]} a5 {[%emt 0:00:08]} 26. cxb4 {[%emt 0:00:06]} axb4 {[%emt 0:00:05]} 27. Rd4 {[%emt 0:00:07]} Rxa2 {[%emt 0:00:15]} 28. Rxb4 {[%emt 0:00:07]} Ra1+ {[%emt 0:00:07]} 29. Kh2 {[%emt 0:00:04]} Ra2 {[%emt 0:00:03]} 30. Kg1 {[%emt 0:00:05]} Ra1+ {[%emt 0:00:04] Not much happened in this game.   Weighted Error Value: White=0.03 (flawless) /Black=0.04 (flawless)} 1/2-1/2

[Event "Chinese League Div-A Final-KO 2023"]
[Site "Xiongan"]
[Date "2023.12.09"]
[Round "7.2"]
[White "Xue, Haowen"]
[Black "Bai, Jinshi"]
[Result "1/2-1/2"]
[WhiteElo "2455"]
[BlackElo "2585"]
[Annotator "TA"]
[PlyCount "116"]
[EventDate "2023.12.02"]
[EventCountry "CHN"]
[SourceTitle "playchess.com"]
[Source "ChessBase"]
[SourceQuality "1"]

{[%evp 14,116,-4,-12,-9,-47,-47,-52,-39,-47,-42,-49,-46,-39,-2,0,0,0,16,11,13,18,14,1,74,68,86,98,120,152,151,149,131,137,150,129,177,155,164,162,162,129,111,114,112,95,91,52,49,54,46,45,53,40,34,37,37,0,37,0,37,37,38,38,70,65,70,70,62,64,47,1,1,1,1,1,1,0,2,8,38,38,42,23,23,23,42,42,42,36,36,16,16,16,42,42,42,42,42,0,42,0,42,0,42]} 1. Nf3 {[%emt 0:00:08]} Nf6 {[%emt 0:00:32]} 2. g3 {[%emt 0:00:17]} c5 {[%emt 0:00:18]} 3. Bg2 {[%emt 0:00:10]} Nc6 {[%emt 0:00:16]} 4. O-O {[%emt 0:00:58]} e5 {[%emt 0:00:35]} 5. c4 {[%emt 0:00:31]} d5 {[%emt 0:00:15]} 6. cxd5 {[%emt 0:00:59]} Nxd5 {[%emt 0:00:07]} 7. Nc3 {[%emt 0:01:29]} Be6 {[%emt 0:00:12]} 8. Ng5 {[%emt 0:20:15][%mdl 64] Deflection} Qxg5 {[%emt 0:00:19] A30: Symmetrical English: Double Fianchetto and Hedgehog.} 9. Nxd5 {[%emt 0:00:14] Strongly threatening Nc7+.} Qd8 {[%emt 0:00:09] Wards off Nc7+} 10. Nc3 {[%emt 0:01:56]} Qd7 {[%emt 0:01:12] Black is slightly better.} 11. Qa4 {[%emt 0:09:08]} Rc8 {[%emt 0:02:44]} 12. a3 {[%emt 0:01:42][%cal Ob2b4] [#]} b6 $146 {[%emt 0:19:05]} ({Predecessor:} 12... Be7 13. b4 b6 14. b5 Na5 15. Rb1 O-O 16. d3 c4 17. Rd1 Rfd8 18. Bb2 Qc7 19. dxc4 Qxc4 {0-1 Nepomniachtchi,I (2720)-Dominguez Perez,L (2746) Capablanca Memorial Elite 50th 2015 (2)}) 13. b4 {[%emt 0:02:58]} Nd4 {[%emt 0:00:51]} 14. b5 {[%emt 0:01:41]} Bb3 {[%emt 0:28:25]} 15. Qa6 {[%emt 0:00:07]} Bc4 {[%emt 0:00:06]} 16. d3 {[%emt 0:09:36]} Bxb5 {[%emt 0:02:20]} 17. Nxb5 {[%emt 0:00:02]} Nxb5 {[%emt 0:00:05]} 18. Bb2 {[%emt 0:10:31][%cal Bc1b2,Bb2e5,Be5c3][%mdl 32]} Bd6 {[%emt 0:02:25] [#]} (18... Nd4 $11 {remains equal.}) 19. e3 $1 $16 {[%emt 0:00:50]} Bb8 {[%emt 0:02:25] [#]} 20. Qb7 $1 {[%emt 0:02:52]} f5 {[%emt 0:19:38]} 21. a4 {[%emt 0:01:50]} Nd6 {[%emt 0:00:37]} 22. Qxd7+ {[%emt 0:00:31]} (22. Bxe5 $2 {loses.} Nxb7 23. Bc3 O-O $19) 22... Kxd7 {[%emt 0:00:04]} 23. Bxe5 {[%emt 0:00:05]} Ne8 {[%emt 0:01:59]} 24. Bc3 {[%emt 0:02:35] White has more active pieces. The black rooks are badly placed.} Rf8 {[%emt 0:00:13]} (24... Ke6 $16) 25. Rfb1 {[%emt 0:01:45]} Bc7 {[%emt 0:02:25]} 26. a5 {[%emt 0:06:41]} g6 {[%emt 0:00:20]} 27. Kf1 {[%emt 0:03:06]} Nd6 {[%emt 0:01:06]} 28. axb6 {[%emt 0:00:44]} Bxb6 {[%emt 0:02:00]} 29. Ke2 {[%emt 0:09:23]} c4 {[%emt 0:00:47]} 30. Rd1 {[%emt 0:02:44] dxc4 would be deadly.} cxd3+ {[%emt 0:03:09]} 31. Rxd3 {[%emt 0:00:01] Hoping for Be5.} Ke7 $1 {[%emt 0:00:06]} 32. Bb4 {[%emt 0:01:10]} Rfd8 {[%emt 0:00:04]} 33. Bd5 {[%emt 0:06:12]} Kf6 {[%emt 0:02:26]} 34. Bc3+ {[%emt 0:01:42] A strong pair of Bishops.} Ke7 {[%emt 0:00:04][%cal Oc8c3]} 35. Bb4 {[%emt 0:00:10]} Kf6 {[%emt 0:00:04]} 36. Bc3+ {[%emt 0:01:05]} Ke7 {[%emt 0:00:04][%cal Oc8c3]} 37. Bb3 {[%emt 0:01:23]} Ne4 {[%emt 0:01:05]} 38. Bb4+ {[%emt 0:00:10]} Kf6 {[%emt 0:00:13]} 39. Rxd8 {[%emt 0:00:14]} Rxd8 {[%emt 0:00:06]} 40. Rc1 {[%emt 0:00:44]} Rb8 {[%emt 0:04:30][%cal Ob6e3]} 41. Rc6+ {[%emt 0:19:11]} Kg7 $1 {[%emt 0:00:03][%cal Ob6e3]} 42. Bc3+ {[%emt 0:07:40]} (42. Ba3 $14 {might be stronger.}) 42... Nxc3+ $11 {[%emt 0:00:22]} 43. Rxc3 {[%emt 0:00:02][%mdl 4096] Endgame KRB-KRB} a5 {[%emt 0:22:06]} 44. h3 h5 45. Bc2 Rb7 46. Rb3 a4 47. Ra3 Ra7 48. Bxa4 Bc5 49. Ra2 {[%emt 0:00:15]} Be7 {[%emt 0:00:20]} 50. h4 {[%emt 0:00:30]} Kf6 {[%emt 0:01:14]} 51. Kd3 {[%emt 0:01:35]} Ra8 {[%emt 0:00:05]} 52. Bb3 {[%emt 0:00:41]} Rxa2 {[%emt 0:00:06]} 53. Bxa2 {KB-KB} Bb4 {[%emt 0:00:11]} 54. Ke2 {[%emt 0:00:09]} Ba5 {[%emt 0:00:06]} 55. Bc4 {[%emt 0:00:11]} Bc3 {[%emt 0:00:06]} 56. Ba2 {[%emt 0:00:06]} Ba5 {[%emt 0:00:04]} 57. Bc4 {[%emt 0:00:05]} Bc3 {[%emt 0:00:04]} 58. Ba2 {[%emt 0:00:05]} Ba5 {[%emt 0:00:05] Black escapes into a draw.   Weighted Error Value: White=0.10 (very precise) /Black=0.09 (flawless)} 1/2-1/2

[Event "Chinese League Div-A Final-KO 2023"]
[Site "Xiongan"]
[Date "2023.12.09"]
[Round "7.3"]
[White "Ma, Qun"]
[Black "Zhou, Weiqi"]
[Result "1-0"]
[WhiteElo "2653"]
[BlackElo "2593"]
[Annotator "TA"]
[PlyCount "97"]
[EventDate "2023.12.02"]
[EventCountry "CHN"]
[SourceTitle "playchess.com"]
[Source "ChessBase"]
[SourceQuality "1"]

{[%evp 20,97,54,7,13,0,0,0,0,0,14,14,29,26,27,27,35,27,37,35,78,41,27,65,37,33,120,128,126,124,189,89,208,211,396,420,705,699,670,691,1063,1303,1327,1308,1132,1069,1312,1224,1270,1224,29990,907,1431,1431,1431,1431,1408,1390,1311,1294,1284,1259,1198,1083,1609,1575,1548,1531,6079,6022,5214,4995,29987,29988,29988,29989,29989,29989,29983,29983]} 1. d4 {[%emt 0:00:09]} d5 {[%emt 0:02:13]} 2. c4 {[%emt 0:00:48]} dxc4 {[%emt 0:00:06]} 3. Nf3 {[%emt 0:00:09]} Nf6 {[%emt 0:03:19]} 4. e3 {[%emt 0:00:14]} Bg4 {[%emt 0:00:08]} 5. Bxc4 {[%emt 0:00:35]} e6 {[%emt 0:00:03]} 6. Nc3 {[%emt 0:02:03]} a6 {[%emt 0:01:37]} 7. h3 {[%emt 0:05:36]} Bh5 {[%emt 0:00:25]} 8. g4 {[%emt 0:12:28]} Bg6 {[%emt 0:00:11]} 9. Ne5 {[%emt 0:00:02]} Nbd7 {[%emt 0:04:20]} 10. Nxg6 {[%emt 0:00:35]} hxg6 {[%emt 0:01:25]} 11. g5 {[%emt 0:00:33]} (11. Bf1 $14 {deserves consideration.}) 11... Nd5 $11 {[%emt 0:14:33] D22: Queen's Gambit Accepted: 3 Nf3 a6 4 e3.} 12. e4 $5 {[%emt 0:15:14][%mdl 4] Exploring less charted territory.} Nxc3 {[%emt 0:04:12]} 13. bxc3 {[%emt 0:00:03] [#]} c5 $146 {[%emt 0:00:43] The position is equal.} ({Predecessor:} 13... Nb6 14. Bb3 Be7 15. f4 Qd7 16. Be3 Qc6 17. Qc2 Nc4 18. Bxc4 Qxc4 19. O-O-O O-O-O 20. Qb3 Qe2 21. Rhe1 Qf3 22. e5 {½-½ Zawierucha,A (2057)-Walowy,B (2168) Orlova op 5th 2008 (8)}) 14. Be2 {[%emt 0:06:18]} cxd4 {[%emt 0:09:29]} 15. cxd4 {[%emt 0:01:35]} Bb4+ {[%emt 0:00:04]} 16. Kf1 {[%emt 0:09:20]} Be7 {[%emt 0:02:59]} 17. Qd2 {[%emt 0:00:06]} Rh4 {[%emt 0:07:51]} 18. Bg4 {[%emt 0:13:27]} Qb6 {[%emt 0:09:13]} 19. Kg2 {[%emt 0:03:44]} Rd8 {[%emt 0:05:27][%cal Od7e5]} 20. Qc2 {[%emt 0:05:02]} Qxd4 {[%emt 0:04:51]} 21. Be3 {[%emt 0:01:02]} Qe5 {[%emt 0:00:08]} 22. f4 {[%emt 0:00:37][%mdl 1024] White has compensation.} Qa5 {[%emt 0:00:07]} (22... Qb8 $1 $14) 23. Bf2 $16 {[%emt 0:07:48]} Rh8 {[%emt 0:05:04]} 24. Rhd1 {[%emt 0:00:01]} Bc5 {[%emt 0:04:32]} (24... b6 $16 {might work better.}) 25. Bg3 {[%emt 0:03:01]} (25. Rxd7 $1 $18 Rxd7 26. Qxc5 (26. Bxc5 $2 {is the wrong capture.} Rd2+ $19) 26... Qxc5 27. Bxc5) 25... Qc7 {[%emt 0:03:08]} (25... Be7 $16 {was called for.}) 26. Rac1 $18 {[%emt 0:02:55]} b6 $2 {[%emt 0:00:34]} (26... Qc6 27. Bf3 Be3) 27. f5 {[%emt 0:00:45]} Qb7 {[%emt 0:04:18]} (27... Ne5 $142 28. Rxd8+ Kxd8) 28. fxe6 {[%emt 0:02:01]} fxe6 {[%emt 0:00:02]} 29. Bxe6 {[%emt 0:01:07] [#] aiming for Bd5.} Ke7 {[%emt 0:00:56] Black is weak on the light squares} 30. Bd5 {[%emt 0:00:22] A strong pair of Bishops.} Qc8 {[%emt 0:00:07]} 31. Qb2 {[%emt 0:00:50]} Rh7 {[%emt 0:06:08]} 32. Rf1 {[%emt 0:01:17]} Re8 {[%emt 0:03:45]} 33. Rcd1 {[%emt 0:01:42] [#] Hoping for Rf7+.} Rf8 {[%emt 0:04:04] Wards off Rf7+} 34. Rxf8 {[%emt 0:00:45]} Qxf8 {[%emt 0:00:54]} 35. Rf1 (35. Bc6 $142 Qd8 36. Bxd7 Kf8 37. Qe5 Rh5 38. Be6 Qxg5 39. Rf1+ Qf5 40. exf5) 35... Qe8 {[%emt 0:00:06]} 36. Bf7 {[%emt 0:00:46]} Qxf7 {[%emt 0:00:48]} 37. Rxf7+ {[%emt 0:00:34]} Kxf7 {[%emt 0:00:01]} 38. Qb3+ {[%emt 0:00:28]} Ke7 {[%emt 0:00:21]} 39. Qg8 {[%emt 0:00:05]} Nf8 {[%emt 0:00:08]} 40. e5 {[%emt 0:02:17]} Rh5 {[%emt 0:00:59]} 41. h4 {[%emt 0:02:26]} Ne6 {[%emt 0:00:12]} 42. Kf3 {[%emt 0:02:12]} Kd7 {[%emt 0:07:10]} 43. Qa8 {[%emt 0:02:24]} Ke7 {[%emt 0:04:42]} 44. Ke4 {[%emt 0:02:11] White threatens Qb7+ and mate.} Kf7 {[%emt 0:24:23]} 45. Qc8 {Kd5 would kill now.} Nf8 46. Kd5 {White mates.} Rh8 47. e6+ {[%cal Be5e6,Be6e7][%mdl 32]} Kg8 48. Qe8 Kh7 49. e7 {Artfully played by Ma.   Weighted Error Value: White=0.11 (very precise) /Black=0.68} 1-0

[Event "Chinese League Div-A Final-KO 2023"]
[Site "Xiongan"]
[Date "2023.12.09"]
[Round "7.4"]
[White "Song, Yuxin"]
[Black "Zhai, Mo"]
[Result "1-0"]
[WhiteElo "2397"]
[BlackElo "2339"]
[Annotator "RC"]
[PlyCount "77"]
[EventDate "2023.12.02"]
[EventCountry "CHN"]
[SourceTitle "playchess.com"]
[Source "ChessBase"]
[SourceQuality "1"]

1. e4 {[%emt 0:00:02]} e5 {[%emt 0:00:06]} 2. Nf3 {[%emt 0:00:06]} Nc6 {[%emt 0:00:07]} 3. Bb5 {[%emt 0:00:05]} Nf6 {[%emt 0:00:19]} 4. O-O {[%emt 0:00:14]} Nxe4 {[%emt 0:00:06]} 5. Re1 {[%emt 0:00:08]} Nd6 {[%emt 0:00:06]} 6. Nxe5 {[%emt 0:00:08]} Be7 {[%emt 0:00:14]} 7. Bf1 {[%emt 0:00:08]} Nxe5 {[%emt 0:00:10]} 8. Rxe5 {[%emt 0:00:07]} O-O {[%emt 0:00:05]} 9. d4 {[%emt 0:00:08]} Ne8 {[%emt 0:00:17]} 10. d5 {[%emt 0:00:10]} Bc5 {[%emt 0:00:21]} 11. Re1 {[%emt 0:00:08]} d6 {[%emt 0:00:15]} 12. Nc3 {[%emt 0:00:06]} Bf5 {[%emt 0:00:32]} 13. Bd3 {[%emt 0:00:09]} Qf6 {[%emt 0:00:19]} 14. Ne4 {[%emt 0:00:05]} Bxe4 {[%emt 0:00:45]} 15. Rxe4 {[%emt 0:00:08]} Qxf2+ {[%emt 0:02:03]} 16. Kh1 {[%emt 0:00:07]} Qf6 {[%emt 0:00:05]} 17. Rf4 {[%emt 0:00:10]} Qe5 {[%emt 0:00:49]} 18. Bd2 {[%emt 0:00:10]} f5 {[%emt 0:22:57]} 19. Qf3 {[%emt 0:00:41]} Qxb2 {[%emt 0:05:27]} 20. Re1 {[%emt 0:12:14]} g6 {[%emt 0:07:11]} 21. Bxf5 {[%emt 0:10:10]} Ng7 {[%emt 0:08:19]} 22. Be6+ {[%emt 0:28:14]} Nxe6 {[%emt 0:00:09]} 23. dxe6 {[%emt 0:00:06]} Rxf4 {[%emt 0:20:59]} 24. Bxf4 {[%emt 0:00:08]} Qf6 {[%emt 0:04:06]} 25. Qxb7 {[%emt 0:01:26]} Re8 {[%emt 0:00:29]} 26. Qb5 {[%emt 0:09:17]} c6 {[%emt 0:21:12]} 27. Qxc6 {[%emt 0:02:06]} Rxe6 {[%emt 0:00:28]} 28. Qd5 {[%emt 0:00:40]} Kg7 {[%emt 0:03:30]} 29. Qxe6 {[%emt 0:00:24]} Qxf4 {[%emt 0:00:05]} 30. Qe4 {[%emt 0:03:15]} Qf2 {[%emt 0:00:42]} 31. Qe2 {[%emt 0:00:37]} Qf4 {[%emt 0:00:55]} 32. Rf1 {[%emt 0:00:26]} Qe5 {[%emt 0:01:24]} 33. Qxe5+ {[%emt 0:00:40]} dxe5 {[%emt 0:00:01]} 34. g3 {[%emt 0:00:19]} e4 {[%emt 0:00:06]} 35. Rf4 {[%emt 0:00:51]} e3 {[%emt 0:00:08]} 36. Kg2 {[%emt 0:00:06]} g5 {[%emt 0:00:25]} 37. Rf5 {[%emt 0:00:13]} Bd4 {[%emt 0:00:11]} 38. Rxg5+ {[%emt 0:00:47]} Kf6 {[%emt 0:00:16]} 39. Rg4 {[%emt 0:00:07]} 1-0

[Event "Chinese League Div-A Final-KO 2023"]
[Site "Xiongan"]
[Date "2023.12.09"]
[Round "7.5"]
[White "Yan, Tianqi"]
[Black "Li, Xueyi"]
[Result "1/2-1/2"]
[WhiteElo "2302"]
[BlackElo "2245"]
[Annotator "RC"]
[PlyCount "127"]
[EventDate "2023.12.02"]
[EventCountry "CHN"]
[SourceTitle "playchess.com"]
[Source "ChessBase"]
[SourceQuality "1"]

1. e4 {[%emt 0:00:04]} c6 {[%emt 0:00:07]} 2. d4 {[%emt 0:00:06]} d5 {[%emt 0:00:04]} 3. Nc3 {[%emt 0:00:07]} dxe4 {[%emt 0:00:09]} 4. Nxe4 {[%emt 0:00:05]} Nf6 {[%emt 0:00:04]} 5. Nxf6+ {[%emt 0:00:09]} exf6 {[%emt 0:00:04]} 6. c3 {[%emt 0:00:07]} Bd6 {[%emt 0:00:05]} 7. Bd3 {[%emt 0:00:23]} O-O {[%emt 0:00:10]} 8. Qc2 {[%emt 0:00:05]} Re8+ {[%emt 0:00:07]} 9. Ne2 {[%emt 0:00:06]} h5 {[%emt 0:00:15]} 10. Be3 {[%emt 0:01:04]} Be6 {[%emt 0:04:33]} 11. O-O {[%emt 0:08:20]} h4 {[%emt 0:13:22]} 12. h3 {[%emt 0:09:20]} Nd7 {[%emt 0:01:53]} 13. Nf4 {[%emt 0:03:07]} Nf8 {[%emt 0:01:33]} 14. Nxe6 {[%emt 0:03:53]} Rxe6 {[%emt 0:09:16]} 15. Rae1 {[%emt 0:08:40]} Bc7 {[%emt 0:09:33]} 16. f4 {[%emt 0:05:37]} Qd6 {[%emt 0:01:44]} 17. Qf2 {[%emt 0:16:37]} Rae8 {[%emt 0:05:38]} 18. Bc4 {[%emt 0:02:30]} R6e7 {[%emt 0:13:43]} 19. Bd2 {[%emt 0:06:25]} Ng6 {[%emt 0:01:32]} 20. Rxe7 {[%emt 0:00:37]} Rxe7 {[%emt 0:04:44]} 21. Bd3 {[%emt 0:02:50]} Bb6 {[%emt 0:03:06]} 22. b4 {[%emt 0:03:01]} Qd5 {[%emt 0:10:29]} 23. Be3 {[%emt 0:08:38]} f5 {[%emt 0:02:26]} 24. Re1 {[%emt 0:09:50]} c5 {[%emt 0:11:23]} 25. c4 {[%emt 0:03:30]} Qd7 {[%emt 0:00:10]} 26. d5 {[%emt 0:01:06]} cxb4 {[%emt 0:00:58]} 27. c5 {[%emt 0:05:04]} Ba5 {[%emt 0:01:42]} 28. d6 {[%emt 0:00:47]} Re8 {[%emt 0:00:43]} 29. Bd2 {[%emt 0:01:15]} Rxe1+ {[%emt 0:02:20]} 30. Qxe1 {[%emt 0:00:04]} b6 {[%emt 0:00:49]} 31. Bxb4 {[%emt 0:00:25]} Bxb4 {[%emt 0:01:49]} 32. Qxb4 {[%emt 0:00:02]} bxc5 {[%emt 0:00:08]} 33. Qxc5 {[%emt 0:00:46]} Nf8 {[%emt 0:01:05]} 34. Bxf5 {[%emt 0:00:22]} Qa4 {[%emt 0:00:30]} 35. Qe5 {[%emt 0:02:18]} g6 {[%emt 0:00:54]} 36. Bg4 {[%emt 0:00:33]} Qxa2 {[%emt 0:00:18]} 37. f5 {[%emt 0:00:30]} Qb1+ {[%emt 0:00:34]} 38. Kh2 {[%emt 0:00:02]} Qd3 {[%emt 0:00:18]} 39. f6 {[%emt 0:01:01]} a5 {[%emt 0:00:27]} 40. Bf3 {[%emt 0:00:35]} a4 {[%emt 0:00:41]} 41. Bd5 {[%emt 0:07:59]} Qg3+ {[%emt 0:01:04]} 42. Qxg3 {[%emt 0:00:05]} hxg3+ {[%emt 0:00:03]} 43. Kxg3 {[%emt 0:00:05]} Nd7 {[%emt 0:00:09]} 44. Kf4 {[%emt 0:04:51]} Nxf6 {[%emt 0:00:41]} 45. Ke5 {[%emt 0:00:34]} Nd7+ {[%emt 0:26:29]} 46. Kd4 a3 47. Kc3 Kf8 48. Kb4 Nf6 49. Bc4 Ne4 50. d7 Ke7 51. Bxf7 Kxd7 52. Kxa3 g5 53. Kb2 Kd6 54. Kc2 Ke5 55. Kd3 Kf4 {[%emt 0:00:41]} 56. Bh5 {[%emt 0:01:11]} Nf6 {[%emt 0:00:55]} 57. Bf3 {[%emt 0:00:22]} g4 {[%emt 0:00:28]} 58. hxg4 {[%emt 0:00:05]} Nxg4 {[%emt 0:00:04]} 59. Ke2 {[%emt 0:00:04]} Ne5 {[%emt 0:00:44]} 60. Kf2 {[%emt 0:00:47]} Nd3+ {[%emt 0:00:36]} 61. Ke2 {[%emt 0:00:06]} Ne5 {[%emt 0:00:03]} 62. Kf2 {[%emt 0:00:11]} Nd3+ {[%emt 0:00:05]} 63. Ke2 {[%emt 0:00:02]} Ne5 {[%emt 0:00:05]} 64. Kf2 {[%emt 0:00:03]} 1/2-1/2